000 00340nam a2200133Ia 4500
008 240624s9999 xx 000 0 und d
041 _aeng
082 _a330.9 SHA
100 _aSHARMA RUCHI
245 _aRISE AND FALL OF NATIONS FORCES OF CHANG
260 _c2016
_aIndia
_bW. W. Norton & Company
300 _a480 : p.
365 _cRS
_b30
999 _c27880
_d27880